000 00847nam a2200265Ia 4500
003 OSt
005 20220926005423.0
006 a|||||r|||| 00| 0
007 ta
008 220923b |||||||| |||| 00| 0 eng d
020 _a8170031893
037 _cGeneral Book
040 _aRTL
_cRTL
_beng
041 _2eng
_aeng
082 _aY72:3(T).216.N9, N4
100 _aSujatha K
_9303358
245 0 _aEducational development among tribes
_b A study of sub-plan areas n Andhra Pradesh
260 _a New Delhi
_bSouth Asian Publishers
_c1963
300 _aviii, 195p
_ccm.
490 _aNational Institute of Educational Planning & Administration Publication
500 _aBibiliography: P 181-90
650 _aTribes
_940733
942 _hY72:3(T).216.N9, N4
_cGB
_2CC
999 _c613785
_d613785